000 00540nam a22001817a 4500
005 20251108172452.0
008 250721s9999 xx 000 0 ara d
082 1 4 _a811.9/عبد
100 1 _aعبد الله، حميدة
245 1 0 _aدم يرفع سقف الليل /
264 1 _aالقاهرة :
_bالهيئة المصرية العامة للكتاب،
300 _a96ص
490 0 _aكتابات جديدة
650 1 7 _aالشعر العربي
650 1 7 _aالأدب العربي
942 _2ddc
_cBK
999 _c80110
_d80110